Sports Quiz

Random Sports or Football Quiz

BYU Football All-time Passing Leaders Quiz Stats

 Plays Quiz not verified by Sporcle

Challenge
Share
Tweet
Embed
Score 0/15 Timer 05:00
0 Plays Today
Player % Correct
Ty Detmer
98.2%
Steve Young
98.2%
Jim McMahon
93%
Max Hall
91.7%
John Beck
87.7%
Robbie Bosco
86.4%
Steve Sarkisian
73.2%
Marc Wilson
65.8%
Player % Correct
Gifford Nielsen
62.3%
Brandon Doman
59.2%
John Walsh
56.1%
Kevin Feterik
52.2%
Gary Sheide
47.4%
Sean Covey
46.5%
Virgil Carter
42.1%

You're not logged in!

Compare scores with friends on all Sporcle quizzes.
OR
Log In

You Might Also Like...

Show Comments

Extras

Top Quizzes Today


Score Distribution

Your Account Isn't Verified!

In order to create a playlist on Sporcle, you need to verify the email address you used during registration. Go to your Sporcle Settings to finish the process.

Report this User

Report this user for behavior that violates our Community Guidelines.

Details: